Personnages de Yakuza 3 avec images - Statistiques

Statistiques générales
  • Ce quiz a été pris 8 fois
  • Le résultat moyen est 12 sur 20
Statistiques - réponses
Par images Réponse % Correct
Kazuma Kiryu
100%
Goro Majima
88%
Haruka Sawamura
88%
Makoto Date
88%
Yoshitaka Mine
88%
Daigo Dojima
75%
Rikiya Shimabukuro
75%
Osamu Kashiwagi
63%
Tetsuo Tamashiro
63%
Tsuyoshi Kanda
63%
Andre Richardson
50%
Goh Hamazaki
50%
Joji Kazama
50%
Yuya
50%
Kazuki
38%
Lau Ka Long
38%
Mack
38%
Mikio Aragaki
38%
Saki
38%
Shigeru Nakahara
25%
Aucun quiz correspondant
Distribution des résultats
% des personnes avec chaque résultat
Percentile par nombre de réponses
Votre historique - résultats
Vous n’avez pas pris ce quiz